ბათუმის შოთა რუსთაველის სახელმწიფო უნივერსიტეტის ბიბლიოთეკა

საქართველოს სისხლის სამართლის საპროცესო კოდექსის კომენტარი : (ბიბ.ჩანაწერი № 51500)

000 -ლიდერი
ფიქსირებული სიგრძის საკონტროლო ველი 02404nam a2200337Ia 4500
001 - საკონტროლო ნომერი
საკონტროლო ველი 18489
003 - საკონტროლო ნომრის იდენტიფიკატორი
საკონტროლო ველი GE_BSU
005 - ბოლო ოპერაციის თარიღი და დრო
საკონტროლო ველი 20211220132719.0
008 - ფიქსირებული სიგრძის მონაცემთა ელემენტები - ზოგადი ინფორმაცია
ფიქსირებული სიგრძის საკონტროლო ველი 181216s2015||||ge |||||||||||||| ||geo||
020 ## - წიგნის საერთაშორისო სტანდარტული ნომერი
International Standard Book Number 9789941251610
040 ## - კატალოგიზაციის წყარო
Transcribing agency GE_BSU
041 ## - ენის კოდი
Language code of text/sound track or separate title geo
080 ## - უნივერსალური ათობითი კლასიფიკაციის ინდექსი
Universal Decimal Classification number 343(479.22)(094.4) ს-32
245 ## - ცნობა სათაურის შესახებ
Remainder of title 2015 წლის 1 ოქტომბრის მდგომარეობით = Commentary on the Criminal Procedure Code of Georgia : as of Oktober 1, 2015 /
Title საქართველოს სისხლის სამართლის საპროცესო კოდექსის კომენტარი :
Statement of responsibility, etc ავტორები : ლალი ფაფიაშვილი, გიორგი თუმანიშვილი, დავით კვაჭანტირაძე [და სხვ.] ; რედაქტორები: მამუკა მამაცაშვილი, მედეა მათიაშვილი, ანა ლორია ; წინასიტყვ. დევიდ რუბინო.
264 ## - წარმოების, გამოცემის, დისტრიბუციის და სხვა ცნობები
გამოცემის, წარმოების, დისტრიბუციის... ადგილი თბილისი :
გამოცემის, წარმოების, დისტრიბუციის... სახელწოდება მერიდიანი,
გამოცემის, წარმოების, დისტრიბუციის... თარიღი 2015.
300 ## - ფიზიკური აღწერა
Extent 819 გვ.;
Other physical details 27 სმ.
653 ## - INDEX TERM--UNCONTROLLED
Uncontrolled term სამართალი
653 ## - INDEX TERM--UNCONTROLLED
Uncontrolled term კოდექსი -- კომენტარები.
700 ## - ADDED ENTRY--PERSONAL NAME
Personal name თუმანიშვილი, გიორგი
Relator term ავტორი
9 (RLIN) 5244
700 ## - ADDED ENTRY--PERSONAL NAME
Personal name კვაჭანტირაძე, დავით
Relator term ავტორი
9 (RLIN) 13305
700 ## - ADDED ENTRY--PERSONAL NAME
Personal name ლიპარტელიანი, ლარისა
Relator term ავტორი
9 (RLIN) 13306
700 ## - ADDED ENTRY--PERSONAL NAME
Personal name დადეშქელიანი, გერმანე
Relator term ავტორი
9 (RLIN) 13307
700 ## - ADDED ENTRY--PERSONAL NAME
Personal name გუნცაძე, შორენა
Relator term ავტორი
9 (RLIN) 13308
700 ## - ADDED ENTRY--PERSONAL NAME
Personal name მეზვრიშვილი, ნათია
Relator term ავტორი
9 (RLIN) 13309
700 ## - ADDED ENTRY--PERSONAL NAME
Personal name თოლორაია, ლონდა
Relator term ავტორი
9 (RLIN) 13310
700 ## - ADDED ENTRY--PERSONAL NAME
Personal name მამაცაშვილი, მამუკა
Relator term რედაქტორი
9 (RLIN) 13311
700 ## - ADDED ENTRY--PERSONAL NAME
Personal name მათიაშვილი, მედეა
Relator term რედაქტორი
9 (RLIN) 742
700 ## - ADDED ENTRY--PERSONAL NAME
Personal name ლორია, ანა
Relator term რედაქტორი.
9 (RLIN) 13312
700 ## - ADDED ENTRY--PERSONAL NAME
Personal name რუბინო, დევიდ
Relator term წინასიტყვაობის ავტორი.
9 (RLIN) 13313
942 ## - ADDED ENTRY ELEMENTS (KOHA)
Koha item type წიგნი
Source of classification or shelving scheme
ეგზემპლარები
ჩამოწერის სტატუსი დაკარგული ეგზემპლარის სტატუსი კლასიფიკაციის წყარო ან თაროზე გაწყობის სქემა დაზიანების სტატუსი არ გაიცემა მუდმივი მდებარეობა (დაცვის ადგილი) ამჟამინდელი ადგილსამყოფელი თაროზე განთავსების ადგილი შეძენის თარიღი სრული შენახვის შიფრი შტრიხკოდი ბოლო ოპერაციის თარიღი ეგზემპლარის მიმდევრობითი ნომერი (კეტერი?) ფასის ძალაში შესვლის თარიღი ეგზემპლარის სახეობა
          ბათუმის შოთა რუსთაველის სახელმწიფო უნივერსიტეტის მთავარი ბიბლიოთეკა ბათუმის შოთა რუსთაველის სახელმწიფო უნივერსიტეტის მთავარი ბიბლიოთეკა წიგნსაცავი 2018-12-17 343(479.22)(094.4) ს-32 47332 2018-12-17 47332 2018-12-17 წიგნი
          ბათუმის შოთა რუსთაველის სახელმწიფო უნივერსიტეტის მთავარი ბიბლიოთეკა ბათუმის შოთა რუსთაველის სახელმწიფო უნივერსიტეტის მთავარი ბიბლიოთეკა წიგნსაცავი 2018-12-17 343(479.22)(094.4) ს-32 47333 2018-12-17 47333 2018-12-17 წიგნი
          ბათუმის შოთა რუსთაველის სახელმწიფო უნივერსიტეტის მთავარი ბიბლიოთეკა ბათუმის შოთა რუსთაველის სახელმწიფო უნივერსიტეტის მთავარი ბიბლიოთეკა წიგნსაცავი 2018-12-17 343(479.22)(094.4) ს-32 47334 2018-12-17 47334 2018-12-17 წიგნი
          ბათუმის შოთა რუსთაველის სახელმწიფო უნივერსიტეტის მთავარი ბიბლიოთეკა ბათუმის შოთა რუსთაველის სახელმწიფო უნივერსიტეტის მთავარი ბიბლიოთეკა წიგნსაცავი 2018-12-17 343(479.22)(094.4) ს-32 47335 2018-12-17 47335 2018-12-17 წიგნი
          ბათუმის შოთა რუსთაველის სახელმწიფო უნივერსიტეტის მთავარი ბიბლიოთეკა ბათუმის შოთა რუსთაველის სახელმწიფო უნივერსიტეტის მთავარი ბიბლიოთეკა   2018-12-17 343(479.22)(094.4) ს-32 47336 2018-12-17 47336 2018-12-17 წიგნი